000 00432cam a2200181ua 4500
020 _c21.00
041 _aeng
_h
082 _a170
_bMON/GO
100 _aMonro, D.H .
245 _aGodwin`s moral philosophy /
_cD.H.Monro.
_hTextual Documents
250 _a1 /
_b.
260 _aLondon :
_bOxford University Press ,
_c1953.
300 _a205 ; .
365 _a21.00
504 _a
942 _cBK
999 _c2071
_d2071